000
00250nam a2200097Ia 4500
008
220204s9999 xx 000 0 und d
082
_a
030.8::801.314
_b
WEB
245
0
_a
Websters dictionary of synonyms
260
_a
Springfield
_b
G C
_c
1977
942
_c
BK
999
_c
20832
_d
20832